000 00819nam a2200205 4500
001 121495
003 ES-MaACL
005 20230906191747.0
007 t|
008 070214s1913 fr r ||||1| fre d
100 1 _aPlanck, Max.
_992540
245 1 0 _aLeçons de Thermodynamique /
_cpar le Dr. Max Planck ; avec une conference du même auteur á la Société Chimique de Berlin sur le Théorème de Nernst et l'hypothèse des quanta ; ouvrage traduit sur le troisième edition allemande (augmentee) par R. Chevasus.
260 _aParis :
_bA. Hermann et Fils,
_c1913.
300 _a310 p. ;
_c25 cm.
700 1 _aChevasus, R.
_938429
710 2 _aSociété Chimique de Berlin.
_96832
740 0 _aLe Théorème de Nernst et l'hypothèse des quanta.
852 _aES-MaACL
_jF-311
852 _aES-MaACL
_jG-5719
999 _c121495
_d121495